| 000 | 00444nam a2200169Ia 4500 | ||
|---|---|---|---|
| 005 | 20250423095425.0 | ||
| 008 | 250422s9999 xx 000 0 und d | ||
| 020 | _a0-8212-5793-5 | ||
| 050 | _aHF 5718 .B375/ | ||
| 100 | _aBarsotti, Charles | ||
| 245 | 0 | _aFrom the very big desk of... : business cartoons by the New Yorker cartoonist | |
| 260 | _aNew York | ||
| 260 | _bBulfinch Press | ||
| 260 | _c2006 | ||
| 300 | _a108 p | ||
| 942 | _cBK | ||
| 999 |
_c30230 _d30230 |
||